[Event "CHI-ch sf qual"]
[Site "La Calera"]
[Date "2019.08.31"]
[Round "6.2"]
[White "Mcgilli Roncallo, Darrel"]
[Black "Rozas Lazcano, Valeska"]
[Result "1/2-1/2"]
[WhiteElo "1369"]
[BlackElo "1396"]
[PlyCount "195"]
[EventDate "2019.08.31"]
[EventType "swiss"]
[EventRounds "6"]
[EventCountry "CHI"]
[SourceTitle "EXT 2024"]
[Source "ChessBase"]
[SourceDate "2023.10.10"]
[SourceVersion "1"]
[SourceVersionDate "2023.10.10"]
[SourceQuality "1"]

1. e4 c5 2. Nc3 g6 3. f4 Bg7 4. Nf3 Nc6 5. g3 d6 6. Bg2 Nf6 7. d3 Bg4 8. 0-0 Nd4 9. Ne2 Nxf3+ 10. Bxf3 Bxf3 11. Rxf3 0-0 12. c3 Qd7 13. Be3 Ng4 14. Qb3 Nxe3 15. Rxe3 e6 16. Re1 Rfe8 17. d4 cxd4 18. Nxd4 Bxd4 19. cxd4 Rac8 20. g4 e5 21. f5 exd4 22. Rd3 Kg7 23. Qd5 Qe7 24. Qxd4+ Qe5 25. Qxd6 Qxd6 26. Rxd6 Rc2 27. f6+ Kh6 28. Rd7 Rf8 29. Rxb7 Kg5 30. e5 Kxg4 31. h3+ Kxh3 32. Re4 Rg2+ 33. Kf1 Rg4 34. Rxg4 Kxg4 35. Rxa7 Kf5 36. Ra5 h5 37. Rc5 Rb8 38. b3 Ke6 39. Kf2 h4 40. Kf3 h3 41. Kg3 Rh8 42. Kh2 g5 43. a4 g4 44. Rc3 Kxe5 45. Rg3 Rb8 46. a5 Kf5 47. Rc3 Kxf6 48. a6 Rb6 49. a7 Ra6 50. Rc6+ Rxc6 51. a8Q Rc2+ 52. Kg3 Rg2+ 53. Kf4 Kg6 54. Qe4+ Kg7 55. Qe1 h2 56. Qh1 Rb2 57. Kxg4 Rxb3 58. Qxh2 Rb4+ 59. Kf3 Rb3+ 60. Ke4 Rb4+ 61. Kd3 Rg4 62. Qf2 Kg6 63. Qe3 f6 64. Qe8+ Kg5 65. Qg8+ Kf5 66. Qd5+ Kg6 67. Qe6 Kg5 68. Ke3 f5 69. Qe7+ Kg6 70. Kf3 Re4 71. Qd6+ Kg5 72. Qd8+ Kg6 73. Qd7 Kf6 74. Qc7 Kg6 75. Qd7 Kf6 76. Qd5 Kg5 77. Qf7 Rf4+ 78. Ke3 Re4+ 79. Kd3 Kg4 80. Qg6+ Kf4 81. Qd6+ Kg5 82. Qd5 Kf4 83. Qd6+ Kg5 84. Qg3+ Kf6 85. Qf3 Kg5 86. Kd2 Kg6 87. Qd3 Kg5 88. Qd5 Kg4 89. Kd3 Kg5 90. Qa2 Kf6 91. Qg2 Ke6 92. Kc3 Kf6 93. Kd2 Ke6 94. Kd3 Kf6 95. Kc3 Ke6 96. Kd3 Kf6 97. Qxe4 fxe4+ 98. Kxe4 1/2-1/2